Gaming Quiz

Random Gaming or Video Games Quiz

Nintendo (NES) Games by Box Cover Quiz Stats

Quiz Updated Mar 6, 2012

Challenge
Share
Tweet
Score 0/21 Timer 05:00
0 Plays Today
% Correct
Dr. Mario
92.6%
Super Mario Bros 3
86.3%
The Legend of Zelda
84.7%
Teenage Mutant Ninja Turtles
83.7%
Metroid
74.5%
Ducktales
68.7%
Excitebike
68.1%
Contra
67.5%
Castlevania
59.4%
Mega Man
59%
Kid Icarus
56.7%
% Correct
Bubble Bobble
48.5%
Kung Fu
45.4%
Metal Gear
43.4%
Top Gun
37.8%
Final Fantasy
33.2%
Ninja Gaiden II
28%
R.C. Pro Am
24.1%
Micro Machines
24.1%
Spy Hunter
22.3%
Jackal
10%

You're not logged in!

Compare scores with friends on all Sporcle quizzes.
Sign Up with Email
OR
Log In

You Might Also Like...

Show Comments

Extras

Top Quizzes Today


Score Distribution

Your Account Isn't Verified!

In order to create a playlist on Sporcle, you need to verify the email address you used during registration. Go to your Sporcle Settings to finish the process.